Statistics for Countries Served by London Gatwick

Click here to take the quiz!

General Stats

  • This quiz has been taken 126 times
  • The average score is 43 of 69

Answer Stats

Country % Correct
United States
96%
France
94%
United Kingdom
93%
Canada
90%
Austria
90%
Ireland
89%
Portugal
89%
Germany
89%
Russia
88%
Spain
88%
Sweden
88%
Italy
88%
Finland
85%
Greece
84%
Mexico
84%
Norway
84%
Denmark
83%
Poland
83%
Ukraine
82%
Netherlands
82%
China
82%
Switzerland
80%
Iceland
80%
United Arab Emirates
79%
Romania
78%
Croatia
78%
Estonia
78%
Egypt
77%
Turkey
74%
Latvia
74%
India
74%
Bulgaria
74%
Hungary
72%
Czech Republic
72%
Malta
71%
Slovenia
68%
Jamaica
68%
South Africa
67%
Morocco
67%
Thailand
63%
Albania
62%
Cuba
61%
Tunisia
57%
Barbados
55%
Israel
54%
Singapore
52%
Algeria
51%
Vietnam
50%
Nigeria
49%
Belarus
49%
Luxembourg
48%
Trinidad & Tobago
43%
Antigua & Barbuda
41%
Dominican Republic
39%
St. Lucia
38%
Montenegro
37%
Taiwan
33%
St. Kitts & Nevis
32%
Iraq
32%
Peru
30%
Grenada
27%
Costa Rica
26%
Aruba
22%
Mauritius
22%
Maldives
21%
Cabo Verde
20%
Hong Kong
18%
The Gambia
15%
Rwanda
9%

Score Distribution

Percentile by Number Answered

Percent of People with Each Score

Your Score History

You have not taken this quiz